[Event "Stuttgarter Stadtmeisterschaft A"]
[Site "Ditzingen"]
[Date "2008.05.01"]
[Round "2.47"]
[White "Fingerhut, Armin"]
[Black "Sarchisov, Slavik"]
[Result "0-1"]
[WhiteElo "1919"]
[BlackElo "1982"]
[PlyCount "134"]
[EventDate "2008.05.??"]
[EventType "swiss"]
[EventRounds "7"]
[EventCountry "GER"]
[WhiteTeam "Vorw.Orient Mainz"]
[BlackTeam "Karlsruher SF 1853"]

1. e4 c5 2. Nf3 d6 3. d4 cxd4 4. Nxd4 Nf6 5. Nc3 a6 6. Bc4 e6 7. Bb3 b5 8. f3
Bb7 9. Be3 Nc6 10. Qd2 Be7 11. O-O-O O-O 12. Kb1 Rc8 13. g4 Ne5 14. Nxe6 fxe6
15. Bxe6+ Kh8 16. Bxc8 Qxc8 17. Qe2 Qc6 18. g5 Ng8 19. f4 Nc4 20. Nd5 Nxe3 21.
Qxe3 Bd8 22. Rhf1 Ne7 23. Rf3 Nxd5 24. exd5 Qe8 25. Qd3 Bc8 26. Rdf1 Qf7 27. h4
Qf5 28. Qxf5 Rxf5 29. Re3 Bd7 30. Rfe1 Kg8 31. c4 Rxf4 32. cxb5 axb5 33. Ra3
Ra4 34. Rxa4 bxa4 35. b4 axb3 36. axb3 h6 37. gxh6 gxh6 38. h5 Kf7 39. Rf1+ Bf6
40. b4 Ke7 41. Kc2 Ba4+ 42. Kd2 Bb3 43. Rf5 Be5 44. Kd3 Bxd5 45. b5 Kd7 46. Rf8
Kc7 47. Re8 Kb6 48. Rb8+ Kc5 49. b6 Kc6 50. Ke3 Bf6 51. b7 Kc7 52. Rf8 Bg5+ 53.
Kd4 Bxb7 54. Rf7+ Kc6 55. Rf2 Ba6 56. Rc2+ Kd7 57. Ra2 Bb5 58. Rf2 Ke6 59. Ra2
Be8 60. Rh2 Bf6+ 61. Kd3 Be5 62. Rh1 Kf5 63. Kc4 Kg4 64. Kd5 Bxh5 65. Ke4 Bg6+
66. Kd5 h5 67. Rg1+ Bg3 0-1

[Event "Stuttgarter Stadtmeisterschaft A"]
[Site "Ditzingen"]
[Date "2008.05.01"]
[Round "2.48"]
[White "Häußler, Frank"]
[Black "Yin, Zixiao"]
[Result "1/2-1/2"]
[WhiteElo "2030"]
[BlackElo "1923"]
[PlyCount "39"]
[EventDate "2008.05.??"]
[EventType "swiss"]
[EventRounds "7"]
[EventCountry "GER"]
[WhiteTeam "SF 47 Neckartenzlingen"]
[BlackTeam "SC Tarrasch 45 München"]

1. d4 d5 2. c4 Nc6 3. e3 e5 4. dxe5 Nxe5 5. Qxd5 Qxd5 6. cxd5 Nf6 7. Nc3 Bb4 8.
Bd2 Bf5 9. f3 Bd3 10. a3 Bxf1 11. Kxf1 Bc5 12. b4 Nc4 13. Ke2 Bb6 14. e4 Nxd2
15. Kxd2 O-O-O 16. Kc2 Nd7 17. f4 Nf6 18. Nf3 Ng4 19. g3 f5 20. exf5 1/2-1/2

[Event "Stuttgarter Stadtmeisterschaft A"]
[Site "Ditzingen"]
[Date "2008.05.01"]
[Round "2.49"]
[White "Wolff, Cascal"]
[Black "Zhou, Syang"]
[Result "0-1"]
[WhiteElo "1832"]
[BlackElo "1991"]
[PlyCount "46"]
[EventDate "2008.05.??"]
[EventType "swiss"]
[EventRounds "7"]
[EventCountry "GER"]
[WhiteTeam "SAbt TSV Willsbach"]
[BlackTeam "SF Deizisau"]

1. d4 Nf6 2. Nf3 g6 3. c4 Bg7 4. Nc3 O-O 5. e3 d6 6. Qc2 c5 7. Bd3 Nc6 8. a3
cxd4 9. exd4 Bg4 10. Be3 d5 11. cxd5 Nxd5 12. Nxd5 Bxf3 13. Nxe7+ Qxe7 14. gxf3
Nxd4 15. Qd1 Rad8 16. f4 Nf5 17. Qe2 Nxe3 18. fxe3 Qh4+ 19. Kf1 Rfe8 20. Re1
Qh3+ 21. Kf2 Bf6 22. Kg1 Bh4 23. Bc2 Bxe1 0-1

[Event "Stuttgarter Stadtmeisterschaft A"]
[Site "Ditzingen"]
[Date "2008.05.01"]
[Round "2.50"]
[White "Grandidier, Raphael"]
[Black "Rudhart, Michael"]
[Result "1-0"]
[WhiteElo "2023"]
[BlackElo "1917"]
[PlyCount "65"]
[EventDate "2008.05.??"]
[EventType "swiss"]
[EventRounds "7"]
[EventCountry "GER"]
[WhiteTeam "SC Oberwinden 1957 e.V."]
[BlackTeam "Schachclub Feuerbach e. V."]

1. e4 c5 2. Nf3 e6 3. d3 Nc6 4. g3 d6 5. Bg2 Nf6 6. O-O Be7 7. Nbd2 Qc7 8. c3
e5 9. Qe2 b6 10. a4 Ba6 11. Nc4 O-O 12. Nh4 g6 13. Bh6 Rfd8 14. Ne3 Ne8 15. Nd5
Qd7 16. f4 Bxh4 17. gxh4 exf4 18. Bxf4 Qe6 19. Rf2 Ne5 20. Bxe5 Qxe5 21. Raf1
Rd7 22. Bh3 Rb7 23. c4 Rd8 24. Bg4 h5 25. Bh3 Ng7 26. Rf6 Ne8 27. R6f2 Nc7 28.
Nf6+ Kg7 29. Nd7 Qe7 30. Rxf7+ Qxf7 31. Rxf7+ Kxf7 32. Qf3+ Kg8 33. Qf6 1-0

[Event "Stuttgarter Stadtmeisterschaft A"]
[Site "Ditzingen"]
[Date "2008.05.01"]
[Round "2.51"]
[White "Viehoff, Jürgen"]
[Black "Ferstl, Manfred"]
[Result "1-0"]
[WhiteElo "1812"]
[BlackElo "2021"]
[PlyCount "71"]
[EventDate "2008.05.??"]
[EventType "swiss"]
[EventRounds "7"]
[EventCountry "GER"]
[WhiteTeam "SC Stetten a.d.F."]
[BlackTeam "SC Grunbach"]

1. d4 d5 2. Nf3 Nf6 3. e3 c6 4. Bd3 Bg4 5. c4 e6 6. Nc3 Bd6 7. O-O O-O 8. h3
Bh5 9. a4 Nbd7 10. b3 Rc8 11. e4 Bb4 12. Na2 dxe4 13. Bxe4 Nxe4 14. Nxb4 Qa5
15. Qe1 Rfe8 16. Qxe4 Qxb4 17. Ng5 Bg6 18. Qe3 e5 19. Re1 f6 20. Ba3 Qa5 21.
Ne4 exd4 22. Qxd4 Rcd8 23. Bd6 c5 24. Qd5+ Bf7 25. Qxb7 Qb6 26. Qxb6 axb6 27.
Rad1 f5 28. Nc3 Rxe1+ 29. Rxe1 Re8 30. Rxe8+ Bxe8 31. Nd5 Bh5 32. f3 g5 33. Bc7
g4 34. Kf2 gxh3 35. gxh3 Bf7 36. Nxb6 1-0

[Event "Stuttgarter Stadtmeisterschaft A"]
[Site "Ditzingen"]
[Date "2008.05.01"]
[Round "2.52"]
[White "Kreiter, Thomas"]
[Black "Arounopoulos, Stephan"]
[Result "0-1"]
[WhiteElo "1781"]
[BlackElo "2002"]
[PlyCount "92"]
[EventDate "2008.05.??"]
[EventType "swiss"]
[EventRounds "7"]
[EventCountry "GER"]
[WhiteTeam "SC Tamm 74"]
[BlackTeam "SK e4 Gerlingen"]

1. Nf3 Nf6 2. c4 g6 3. Nc3 Bg7 4. e4 d6 5. d4 O-O 6. Be2 e5 7. Be3 exd4 8. Nxd4
Re8 9. f3 c6 10. Bg5 h6 11. Bh4 Qb6 12. Qd2 Nbd7 13. Bf2 Qc7 14. O-O Nf8 15. b4
Ne6 16. Rac1 Nxd4 17. Bxd4 Be6 18. b5 Kh7 19. Rfd1 Rad8 20. Qb2 c5 21. Be3 Nd7
22. Qd2 Nb6 23. Nb1 f5 24. Bf4 fxe4 25. fxe4 Qf7 26. Na3 Na4 27. Rf1 Qe7 28.
Qc2 Nb6 29. Bd3 Bd4+ 30. Kh1 Qg7 31. Rb1 Bf7 32. Rf3 g5 33. Bd2 Bg6 34. Rbf1
Nd7 35. e5 Nxe5 36. Bxg6+ Qxg6 37. Qxg6+ Kxg6 38. Rf6+ Kg7 39. h4 Rf8 40. hxg5
hxg5 41. Bxg5 Rh8+ 42. Bh6+ Rxh6+ 43. Rxh6 Kxh6 44. Nc2 Kg7 45. Nxd4 cxd4 46.
Rd1 d3 0-1

[Event "Stuttgarter Stadtmeisterschaft A"]
[Site "Ditzingen"]
[Date "2008.05.01"]
[Round "2.53"]
[White "Volk, Werner"]
[Black "Weißbeck, Simon"]
[Result "1/2-1/2"]
[WhiteElo "1993"]
[BlackElo "1831"]
[PlyCount "141"]
[EventDate "2008.05.??"]
[EventType "swiss"]
[EventRounds "7"]
[EventCountry "GER"]
[WhiteTeam "SC Oberwinden 1957 e.V."]
[BlackTeam "Heilbronner SV"]

1. Nf3 Nf6 2. g3 g6 3. Bg2 Bg7 4. O-O O-O 5. c4 d6 6. d4 Nbd7 7. Nc3 c5 8. d5
Nb6 9. Qd3 Bf5 10. e4 Bg4 11. Nd2 Qc8 12. Re1 Bh3 13. Qf1 Bxg2 14. Kxg2 e5 15.
a4 Ne8 16. Nf3 f5 17. Ng5 Nc7 18. Nb5 Nxb5 19. axb5 fxe4 20. Ne6 Rf7 21. Rxe4
Nd7 22. Bg5 Nf8 23. Nxg7 Kxg7 24. Qc1 Qf5 25. Bh6+ Kg8 26. Qe3 Nd7 27. g4 Qf6
28. Bg5 Qg7 29. Qh3 Qf8 30. Re2 Nf6 31. Bh6 Qc8 32. f3 b6 33. Bg5 Qd7 34. Qh4
Raf8 35. Bh6 Re8 36. h3 e4 37. f4 e3 38. Qg3 Qe7 39. Qf3 Qe4 40. Rae1 Qxc4 41.
Rxe3 Rxe3 42. Rxe3 Qxb5 43. Qe2 Qxe2+ 44. Rxe2 Rd7 45. Rd2 Kf7 46. f5 gxf5 47.
gxf5 Re7 48. Bf4 Ne8 49. h4 b5 50. Kf3 a5 51. f6 Re1 52. Bg3 Rf1+ 53. Bf2 a4
54. Kg2 Rb1 55. h5 b4 56. Bh4 a3 57. bxa3 bxa3 58. Kg3 Rb2 59. Rd3 Nxf6 60. Rf3
a2 61. Bxf6 Rb1 62. Bh8+ Kg8 63. Bc3 a1=Q 64. Bxa1 Rxa1 65. Rf6 Ra6 66. h6 c4
67. Rf4 c3 68. Rc4 Ra3 69. Kf2 Ra2+ 70. Ke3 c2 71. Rc7 1/2-1/2

[Event "Stuttgarter Stadtmeisterschaft A"]
[Site "Ditzingen"]
[Date "2008.05.01"]
[Round "2.54"]
[White "Bergner, Philipp"]
[Black "Jehle, Anja"]
[Result "0-1"]
[WhiteElo "1749"]
[BlackElo "1968"]
[PlyCount "82"]
[EventDate "2008.05.??"]
[EventType "swiss"]
[EventRounds "7"]
[EventCountry "GER"]
[WhiteTeam "SV Backnang"]
[BlackTeam "Schachclub Ingersheim eV"]

1. d4 Nf6 2. c4 g6 3. Nc3 Bg7 4. e4 d6 5. Nf3 O-O 6. Be2 Nbd7 7. O-O e5 8. d5
Nc5 9. Qc2 a5 10. b3 Ne8 11. Ne1 f5 12. f3 f4 13. Bd2 Bf6 14. a3 Bh4 15. Nd3
Ng7 16. Be1 Nh5 17. Bxh4 Qxh4 18. b4 Nxd3 19. Bxd3 g5 20. Qf2 Ng3 21. Rfb1 Rf6
22. hxg3 fxg3 23. Qe3 g4 24. Kf1 gxf3 25. gxf3 axb4 26. axb4 Rxa1 27. Rxa1 Qh1+
28. Ke2 Qxa1 29. Qg5+ Kf7 30. Qh5+ Kf8 31. Qg5 Qb2+ 32. Kd1 Ke7 33. Qg7+ Rf7
34. Qg5+ Ke8 35. Nb5 Qb3+ 36. Ke2 Qb2+ 37. Kd1 g2 38. Qg8+ Rf8 39. Nxc7+ Ke7
40. Qg7+ Rf7 41. Qg5+ Kd7 0-1

[Event "Stuttgarter Stadtmeisterschaft A"]
[Site "Ditzingen"]
[Date "2008.05.01"]
[Round "2.55"]
[White "Herbst, Rudolf"]
[Black "Severin, Andreas"]
[Result "0-1"]
[WhiteElo "1761"]
[BlackElo "1981"]
[PlyCount "56"]
[EventDate "2008.05.??"]
[EventType "swiss"]
[EventRounds "7"]
[EventCountry "GER"]
[WhiteTeam "SK Neuhausen"]
[BlackTeam "SF Pfullingen"]

1. c4 e6 2. Nc3 f5 3. g3 Nf6 4. d4 Be7 5. Bg2 O-O 6. Nf3 d6 7. O-O Ne4 8. Qc2
Nxc3 9. Qxc3 a5 10. b3 Bf6 11. Bb2 Nc6 12. Rad1 Qe8 13. Qc1 e5 14. dxe5 dxe5
15. Ne1 Nd4 16. Qd2 Qh5 17. e3 Nc6 18. Qd5+ Kh8 19. Qf3 Qg6 20. e4 f4 21. Qe2
Bg4 22. f3 Be6 23. Qf2 fxg3 24. Qxg3 Qh5 25. h3 Bh4 26. Qh2 Qg5 27. Kh1 Bg3 28.
Qg1 Qh5 0-1

[Event "Stuttgarter Stadtmeisterschaft A"]
[Site "Ditzingen"]
[Date "2008.05.01"]
[Round "2.57"]
[White "Schlachetzki, Horst"]
[Black "Winkler, Stefan"]
[Result "0-1"]
[WhiteElo "1968"]
[BlackElo "1824"]
[PlyCount "50"]
[EventDate "2008.05.??"]
[EventType "swiss"]
[EventRounds "7"]
[EventCountry "GER"]
[WhiteTeam "SC Leinfelden"]
[BlackTeam "SC Starnberg"]

1. e4 e6 2. d4 d5 3. Nc3 Bb4 4. e5 c5 5. a3 Ba5 6. Bd2 cxd4 7. Nb5 Bc7 8. f4
Nc6 9. Nf3 Nge7 10. Bd3 Nf5 11. Bxf5 exf5 12. Nbxd4 O-O 13. O-O Bb6 14. Bc3 f6
15. exf6 Qxf6 16. Kh1 Qh6 17. Ng5 Ne5 18. Nxf5 Rxf5 19. Bxe5 Be6 20. Nxe6 Qxe6
21. Qg4 Rxe5 22. Qg3 Re2 23. f5 Qe5 24. Qg4 Bc7 25. Qh3 Rf8 0-1

[Event "Stuttgarter Stadtmeisterschaft A"]
[Site "Ditzingen"]
[Date "2008.05.01"]
[Round "3.1"]
[White "Luther, Thomas"]
[Black "Kabisch, Thilo"]
[Result "1-0"]
[WhiteElo "2539"]
[BlackElo "2284"]
[PlyCount "69"]
[EventDate "2008.05.??"]
[EventType "swiss"]
[EventRounds "7"]
[EventCountry "GER"]

1. e4 c5 2. Nf3 Nc6 3. d4 cxd4 4. Nxd4 e5 5. Nb5 d6 6. c4 Be7 7. b3 Nf6 8. Bd3
O-O 9. O-O Bg4 10. Qd2 Nh5 11. Be2 Bxe2 12. Qxe2 Nf4 13. Bxf4 exf4 14. Nd2 Bf6
15. Rac1 a6 16. Nc3 Nd4 17. Qd3 Be5 18. Nf3 Nxf3+ 19. Qxf3 b5 20. Nd5 bxc4 21.
Rxc4 Qh4 22. Rc7 Rae8 23. Rfc1 Re6 24. g3 fxg3 25. hxg3 Qg5 26. R1c6 g6 27.
Rxa6 f5 28. exf5 Bxg3 29. Qxg3 Re1+ 30. Kg2 Qh6 31. Ne7+ Kh8 32. Qc3+ Re5 33.
Rxd6 Qg5+ 34. Kf1 Qf4 35. Nxg6+ 1-0

[Event "Stuttgarter Stadtmeisterschaft A"]
[Site "Ditzingen"]
[Date "2008.05.01"]
[Round "3.2"]
[White "Schlötzer, Waldemar"]
[Black "Sumets, Andrey"]
[Result "0-1"]
[WhiteElo "2268"]
[BlackElo "2532"]
[PlyCount "104"]
[EventDate "2008.05.??"]
[EventType "swiss"]
[EventRounds "7"]
[EventCountry "GER"]

1. d4 Nf6 2. c4 e6 3. Nc3 Bb4 4. Qb3 c5 5. dxc5 Bxc5 6. Nf3 O-O 7. Bg5 b6 8. e3
Bb7 9. Be2 Be7 10. O-O Nc6 11. a3 Rc8 12. Qa2 h6 13. Bh4 a6 14. Rfd1 Nh5 15.
Bxe7 Nxe7 16. Qb3 Nf6 17. Rd6 Rb8 18. Rad1 Nc8 19. R6d2 Qc7 20. Nd4 Ne7 21. Bf3
Bxf3 22. Nxf3 Rfc8 23. Qa4 Ra8 24. Na2 Ng6 25. Rd6 Ra7 26. R6d4 Ne7 27. Nb4 Nf5
28. R4d2 a5 29. Nd3 d6 30. Rc2 Qb7 31. Qb5 a4 32. Qb4 Qa6 33. Nd4 Nxd4 34. exd4
Rd7 35. Rcc1 Rdc7 36. h3 Rxc4 37. Rxc4 Rxc4 38. Qxd6 Qb7 39. Ne5 Rc8 40. Kh2
Ne4 41. Qb4 Nxf2 42. Rd2 Ne4 43. Re2 b5 44. b3 Ra8 45. Rb2 f6 46. Nd3 Qc7+ 47.
Kg1 Qg3 48. Qxb5 Qe3+ 49. Kh2 Qxd4 50. Qc6 Rd8 51. Qxe6+ Kh8 52. Re2 Ng5 0-1

[Event "Stuttgarter Stadtmeisterschaft A"]
[Site "Ditzingen"]
[Date "2008.05.01"]
[Round "3.3"]
[White "Gutman, Lev"]
[Black "Dudek, Richard"]
[Result "1-0"]
[WhiteElo "2484"]
[BlackElo "2256"]
[PlyCount "59"]
[EventDate "2008.05.??"]
[EventType "swiss"]
[EventRounds "7"]
[EventCountry "GER"]

1. Nf3 Nf6 2. g3 b6 3. Bg2 Bb7 4. O-O e6 5. c4 Be7 6. b3 O-O 7. Bb2 c5 8. e3 d5
9. Qe2 Nc6 10. d3 Qc7 11. cxd5 exd5 12. Nh4 Qd7 13. Nd2 Ba6 14. a3 Rad8 15. f4
Rfe8 16. Ndf3 Ng4 17. Bh3 f5 18. Ng2 Bf6 19. Bxf6 Nxf6 20. b4 Ng4 21. Rfe1 cxb4
22. axb4 Bb5 23. Qd2 d4 24. e4 g6 25. exf5 gxf5 26. Bxg4 fxg4 27. Ne5 Qd5 28.
Nxg4 Kg7 29. Nh4 h5 30. f5 1-0

[Event "Stuttgarter Stadtmeisterschaft A"]
[Site "Ditzingen"]
[Date "2008.05.01"]
[Round "3.4"]
[White "Ringoir, Tanguy"]
[Black "Schebler, Gerhard"]
[Result "0-1"]
[WhiteElo "2252"]
[BlackElo "2442"]
[PlyCount "122"]
[EventDate "2008.05.??"]
[EventType "swiss"]
[EventRounds "7"]
[EventCountry "GER"]

1. e4 c5 2. Nf3 Nc6 3. d4 cxd4 4. Nxd4 e5 5. Nb5 a6 6. Nd6+ Bxd6 7. Qxd6 Qf6 8.
Qxf6 Nxf6 9. Nc3 d5 10. Nxd5 Nxd5 11. exd5 Nb4 12. Bd3 Nxd3+ 13. cxd3 Bf5 14.
O-O Rd8 15. Re1 Rxd5 16. d4 e4 17. Be3 Kd7 18. Rac1 b6 19. Bf4 Rc8 20. Rxc8
Kxc8 21. Rc1+ Kd8 22. h3 Rxd4 23. Be5 Rd2 24. Bc3 Rd6 25. Re1 f6 26. g4 Bg6 27.
h4 h6 28. Kh2 Rd5 29. a3 Kd7 30. Rc1 Ke6 31. Be1 Rb5 32. Bb4 a5 33. Bc3 h5 34.
g5 Rd5 35. gxf6 gxf6 36. b4 a4 37. Rg1 Bf5 38. Rg8 Rd3 39. Rg3 b5 40. Kg2 Rd1
41. Rg8 Bg4 42. Re8+ Kf5 43. Rf8 Bf3+ 44. Kg3 Rg1+ 45. Kh3 Rg6 46. Rb8 Bg2+ 47.
Kh2 Bf1 48. Rb6 Kg4 49. Rxf6 Rxf6 50. Bxf6 Kf3 51. Bd4 Ke2 52. Kg3 Kd3 53. Be5
Kc4 54. Kf4 Kb3 55. Kxe4 Kxa3 56. Bd6 Kb2 57. Kd5 a3 58. Kc5 a2 59. f4 a1=Q 60.
Be5+ Kb1 61. Bxa1 Kxa1 0-1

[Event "Stuttgarter Stadtmeisterschaft A"]
[Site "Ditzingen"]
[Date "2008.05.01"]
[Round "3.7"]
[White "Hirneise, Tobias"]
[Black "Krockenberger, Martin"]
[Result "1-0"]
[WhiteElo "2382"]
[BlackElo "2220"]
[PlyCount "79"]
[EventDate "2008.05.??"]
[EventType "swiss"]
[EventRounds "7"]
[EventCountry "GER"]

1. e4 e5 2. Nf3 Nc6 3. Bb5 a6 4. Ba4 Nf6 5. O-O Be7 6. Re1 b5 7. Bb3 d6 8. c3
O-O 9. h3 Na5 10. Bc2 c5 11. d4 Nd7 12. dxc5 dxc5 13. Nbd2 Bb7 14. Nf1 Nc4 15.
b3 Nd6 16. Qe2 Re8 17. Bb2 Qc7 18. N3d2 Nf8 19. Ne3 Ne6 20. Nd5 Qd8 21. Nf3 f6
22. Rad1 Bxd5 23. exd5 Nf8 24. Nh4 g6 25. Nf3 Qd7 26. Qe3 c4 27. Nd2 Rac8 28.
Qe2 Bd8 29. Ba3 cxb3 30. Bxb3 f5 31. c4 Nb7 32. cxb5 axb5 33. d6+ Kg7 34. Nf3
Bf6 35. Bb2 Nxd6 36. Bxe5 Bxe5 37. Nxe5 Qe7 38. Qb2 Qf6 39. Rxd6 Qxd6 40. Ng4+
1-0

[Event "Stuttgarter Stadtmeisterschaft A"]
[Site "Ditzingen"]
[Date "2008.05.01"]
[Round "3.8"]
[White "Kunz, Konstantin"]
[Black "Lammers, Markus"]
[Result "1/2-1/2"]
[WhiteElo "2198"]
[BlackElo "2371"]
[PlyCount "62"]
[EventDate "2008.05.??"]
[EventType "swiss"]
[EventRounds "7"]
[EventCountry "GER"]

1. d4 Nf6 2. c4 c6 3. Nc3 d5 4. cxd5 cxd5 5. Nf3 Nc6 6. Bf4 e6 7. e3 Be7 8. h3
O-O 9. Bd3 a6 10. Rc1 b5 11. O-O Bb7 12. Nd2 Na5 13. Nb3 Nc4 14. Qe2 Rc8 15. a4
Qb6 16. axb5 axb5 17. Nd2 Bb4 18. Ndb1 Bc6 19. b3 Na5 20. Nxb5 Nxb3 21. Rxc6
Qxc6 22. Na7 Qa4 23. Nxc8 Rxc8 24. Qb2 Na5 25. Nd2 Bc3 26. Qc1 Qd7 27. Qd1 Nc4
28. Nf3 Nb2 29. Qe2 Nxd3 30. Qxd3 Bb4 31. Rb1 Bd6 1/2-1/2

[Event "Stuttgarter Stadtmeisterschaft A"]
[Site "Ditzingen"]
[Date "2008.05.01"]
[Round "3.11"]
[White "Tuncer, Ufuk"]
[Black "Scherer, Holger"]
[Result "1-0"]
[WhiteElo "2306"]
[BlackElo "2084"]
[PlyCount "40"]
[EventDate "2008.05.??"]
[EventType "swiss"]
[EventRounds "7"]
[EventCountry "GER"]

1. d4 Nf6 2. Nf3 d5 3. g3 e6 4. Bg2 c5 5. O-O Nc6 6. a3 cxd4 7. Nxd4 Qb6 8.
Nxc6 bxc6 9. c4 Ba6 10. cxd5 cxd5 11. Nc3 Rc8 12. Be3 Qb7 13. Qa4+ Nd7 14. Rac1
Be7 15. Bh3 Rc4 16. b4 d4 17. Bg2 Qc8 18. Bxd4 Rxd4 19. Nb5 Nc5 20. Rxc5 Qxc5
1-0

[Event "Stuttgarter Stadtmeisterschaft A"]
[Site "Ditzingen"]
[Date "2008.05.01"]
[Round "3.12"]
[White "Lange, Jan-David"]
[Black "Häcker, Alexander"]
[Result "0-1"]
[WhiteElo "2132"]
[BlackElo "2234"]
[PlyCount "96"]
[EventDate "2008.05.??"]
[EventType "swiss"]
[EventRounds "7"]
[EventCountry "GER"]

1. e4 e6 2. d4 d5 3. Nc3 Bb4 4. e5 c5 5. a3 Bxc3+ 6. bxc3 Qc7 7. Nf3 b6 8. Bb5+
Bd7 9. a4 Bxb5 10. axb5 Ne7 11. O-O O-O 12. Ng5 h6 13. Nh3 Rc8 14. Ba3 a6 15.
bxa6 Rxa6 16. Nf4 Nd7 17. Qg4 Rca8 18. Bb2 Rxa1 19. Bxa1 Nf8 20. dxc5 bxc5 21.
c4 d4 22. c3 Nf5 23. Nd3 Ra4 24. Qd1 Qa7 25. Nxc5 Rxa1 26. Qxa1 Qxc5 27. Rd1
Qxc4 28. cxd4 Qd5 29. Qc3 Ng6 30. Rd2 Qe4 31. g3 h5 32. h4 Nge7 33. Rd1 Nd5 34.
Qd3 Qg4 35. Kf1 Nxg3+ 36. fxg3 Qxd1+ 37. Qxd1 Ne3+ 38. Ke2 Nxd1 39. Kxd1 Kh7
40. Ke2 Kg6 41. Ke3 Kf5 42. Kf3 f6 43. exf6 gxf6 44. Kf2 Kg4 45. Kg2 f5 46. Kf2
f4 47. gxf4 Kxf4 48. Ke2 Ke4 0-1

[Event "Stuttgarter Stadtmeisterschaft A"]
[Site "Ditzingen"]
[Date "2008.05.01"]
[Round "3.13"]
[White "Wenner, Tobias"]
[Black "Richter, Götz"]
[Result "1-0"]
[WhiteElo "2228"]
[BlackElo "2073"]
[PlyCount "83"]
[EventDate "2008.05.??"]
[EventType "swiss"]
[EventRounds "7"]
[EventCountry "GER"]

1. Nf3 Nf6 2. c4 e6 3. g3 d5 4. Bg2 c6 5. b3 Nbd7 6. Bb2 b5 7. Qc2 bxc4 8. bxc4
Ba6 9. O-O Be7 10. d3 O-O 11. Nbd2 Qa5 12. Rfb1 Rfc8 13. Bc3 Qc7 14. Qa4 Bb7
15. Ba5 Nb6 16. Qc2 Nfd7 17. d4 c5 18. cxd5 exd5 19. Rc1 c4 20. a4 Re8 21. Nb1
Nf6 22. Nc3 Qd6 23. Ne5 Qe6 24. Bxb6 axb6 25. Nxc4 Rac8 26. Ne3 Ne4 27. Qd3 Bg5
28. Nxe4 dxe4 29. Qa3 Qd7 30. Rd1 Rc7 31. h4 Bh6 32. Kh2 Rec8 33. Bh3 Qd8 34.
Bxc8 Bxc8 35. Rac1 g5 36. Rxc7 Qxc7 37. Nd5 Qd8 38. Ne7+ Kg7 39. hxg5 Bxg5 40.
Nxc8 Qxc8 41. Qb2 Qc4 42. Qb5 1-0

[Event "Stuttgarter Stadtmeisterschaft A"]
[Site "Ditzingen"]
[Date "2008.05.01"]
[Round "3.14"]
[White "Höschele, Hans-Ulrich"]
[Black "Reichert, Manuel"]
[Result "1-0"]
[WhiteElo "2212"]
[BlackElo "1946"]
[PlyCount "63"]
[EventDate "2008.05.??"]
[EventType "swiss"]
[EventRounds "7"]
[EventCountry "GER"]

1. d4 Nf6 2. Nf3 g6 3. g3 Bg7 4. Bg2 O-O 5. O-O d6 6. Nbd2 c5 7. c3 Nc6 8. e4
e5 9. dxe5 dxe5 10. Qe2 Qc7 11. Nc4 h6 12. Nh4 b5 13. Ne3 Rb8 14. Nd5 Nxd5 15.
exd5 Ne7 16. Rd1 Nf5 17. Nxf5 gxf5 18. a4 a6 19. axb5 axb5 20. d6 Qd7 21. Qe3
c4 22. Qc5 Bb7 23. Qc7 Rfd8 24. Be3 e4 25. Qxd7 Rxd7 26. Bh3 Be5 27. Bc5 Rbd8
28. Bxf5 Bxd6 29. Bb4 Bxb4 30. Rxd7 Rxd7 31. Bxd7 Bc5 32. Bxb5 1-0

[Event "Stuttgarter Stadtmeisterschaft A"]
[Site "Ditzingen"]
[Date "2008.05.01"]
[Round "3.16"]
[White "Scheeff, Volker"]
[Black "Nabavi, Parwis"]
[Result "0-1"]
[WhiteElo "2125"]
[BlackElo "2185"]
[PlyCount "62"]
[EventDate "2008.05.??"]
[EventType "swiss"]
[EventRounds "7"]
[EventCountry "GER"]

1. e4 c5 2. Nf3 Nc6 3. Bb5 g6 4. Bxc6 dxc6 5. d3 Bg7 6. h3 Nf6 7. Nc3 O-O 8.
Be3 b6 9. Qd2 Re8 10. Bh6 Bh8 11. O-O e5 12. Nh2 Qd4 13. Kh1 Nh5 14. g4 Nf4 15.
Bxf4 exf4 16. Qxf4 Qb4 17. Rab1 c4 18. Nf3 Bxc3 19. bxc3 Qxc3 20. e5 Be6 21.
Rfe1 Qxc2 22. Kg1 Qxd3 23. Rbd1 Qc3 24. Ng5 h6 25. Ne4 Qxh3 26. Nf6+ Kf8 27.
Re3 Qh4 28. Kg2 Bxg4 29. Rh1 Bh3+ 30. Kf3 Bg2+ 31. Kxg2 Qxf4 0-1

[Event "Stuttgarter Stadtmeisterschaft A"]
[Site "Ditzingen"]
[Date "2008.05.01"]
[Round "3.17"]
[White "Marquardt, Patrick"]
[Black "Wolbert, Christian"]
[Result "0-1"]
[WhiteElo "1859"]
[BlackElo "2171"]
[PlyCount "80"]
[EventDate "2008.05.??"]
[EventType "swiss"]
[EventRounds "7"]
[EventCountry "GER"]

1. e4 e6 2. d4 d5 3. e5 c5 4. c3 Nc6 5. Nf3 Qb6 6. Bd3 cxd4 7. cxd4 Bd7 8. O-O
Nxd4 9. Nxd4 Qxd4 10. Nc3 Qb6 11. Qg4 Qb4 12. Qg3 Ne7 13. Bd2 Qb6 14. Rac1 g6
15. Bg5 Bg7 16. Qh4 Nc6 17. Bf6 O-O 18. Bb5 Nxe5 19. Bxe5 Bxb5 20. Rfe1 Bxe5
21. Rxe5 f6 22. Re3 Bd7 23. Nxd5 Qxb2 24. Rce1 Rae8 25. Nc7 Re7 26. Nd5 Ref7
27. Nc7 Qxa2 28. Nxe6 Re8 29. Nc5 Rxe3 30. fxe3 Bc6 31. Qh3 Re7 32. Rd1 Qc2 33.
Rd8+ Kg7 34. Ne6+ Rxe6 35. Rg8+ Kxg8 36. Qxe6+ Kg7 37. Qe7+ Kh6 38. Qf8+ Kh5
39. g4+ Kxg4 40. Qb4+ Qe4 0-1

[Event "Stuttgarter Stadtmeisterschaft A"]
[Site "Ditzingen"]
[Date "2008.05.01"]
[Round "3.18"]
[White "Strunski, Andreas"]
[Black "Jussupow, Ekaterina"]
[Result "0-1"]
[WhiteElo "2271"]
[BlackElo "2046"]
[PlyCount "160"]
[EventDate "2008.05.??"]
[EventType "swiss"]
[EventRounds "7"]
[EventCountry "GER"]

1. d4 Nf6 2. c4 e6 3. Nc3 Bb4 4. Qc2 Nc6 5. e3 e5 6. d5 Ne7 7. Bd2 c6 8. a3
Bxc3 9. Bxc3 d6 10. e4 O-O 11. Bd3 cxd5 12. cxd5 Nh5 13. Ne2 f5 14. exf5 Nf6
15. O-O-O Kh8 16. Rd2 Nfxd5 17. g4 Nxc3 18. Nxc3 d5 19. Be4 d4 20. Kb1 Qa5 21.
Ne2 Bd7 22. Rd3 Rac8 23. Qd2 Qxd2 24. Rxd2 g6 25. fxg6 Nxg6 26. Ng3 Bxg4 27.
Bxb7 Rc7 28. Be4 Rcf7 29. Bxg6 hxg6 30. h3 Bd7 31. Re1 Rxf2 32. Rxf2 Rxf2 33.
Rxe5 Rf3 34. Rg5 Kh7 35. h4 Ba4 36. Kc1 Rd3 37. b4 Rd1+ 38. Kb2 Rd2+ 39. Kc1
Rc2+ 40. Kb1 d3 41. Ne4 Rh2 42. Ra5 Bc2+ 43. Kc1 Rxh4 44. Rxa7+ Kh6 45. Re7
Rh1+ 46. Kd2 Rh2+ 47. Kc3 Re2 48. Re6 Bb1 49. Nc5 Rc2+ 50. Kxd3 Rxc5+ 51. Kd4
Rc1 52. b5 Bf5 53. Re3 g5 54. b6 Bc8 55. Re7 Rd1+ 56. Kc5 Ra1 57. b7 Bxb7 58.
Rxb7 Rxa3 59. Kd4 Rf3 60. Ke4 Rf8 61. Rb1 g4 62. Rb5 Rf1 63. Ke3 g3 64. Rb2 Kg5
65. Ra2 Kg4 66. Ra8 Re1+ 67. Kd2 Re5 68. Rg8+ Kf3 69. Rf8+ Kg2 70. Kd3 Kh1 71.
Kd4 Re2 72. Kd3 Re7 73. Kd4 g2 74. Rh8+ Kg1 75. Kd3 Re5 76. Kd4 Rg5 77. Ke3 Kf1
78. Rf8+ Ke1 79. Kf3 g1=Q 80. Re8+ Kd2 0-1

[Event "Stuttgarter Stadtmeisterschaft A"]
[Site "Ditzingen"]
[Date "2008.05.01"]
[Round "3.19"]
[White "Sarchisov, Slavik"]
[Black "Hottes, Dieter"]
[Result "0-1"]
[WhiteElo "1982"]
[BlackElo "2208"]
[PlyCount "66"]
[EventDate "2008.05.??"]
[EventType "swiss"]
[EventRounds "7"]
[EventCountry "GER"]

1. e4 c5 2. Nf3 b6 3. d4 cxd4 4. Nxd4 Bb7 5. f3 e6 6. Nc3 a6 7. Bd3 Qc7 8. Qe2
Bd6 9. g3 Be5 10. Be3 Nc6 11. Qf2 Nf6 12. O-O b5 13. Be2 O-O 14. a3 Bxd4 15.
Bxd4 Nxd4 16. Qxd4 e5 17. Qe3 d5 18. exd5 Bxd5 19. Bd3 Rac8 20. Rad1 Bb7 21.
Rd2 Rfd8 22. Rfd1 g6 23. Qg5 Kg7 24. Kg2 h6 25. Qe3 Ng4 26. Qe2 f5 27. Bxb5
axb5 28. Nxb5 Qb6 29. Rd7+ Kh8 30. Rxd8+ Rxd8 31. Rxd8+ Qxd8 32. Kf1 Bxf3 33.
Qe1 Qb6 0-1